FAO animal production and health paper N126 Feeding pigs in the tropics
After summarizing the principles of energy and protein nutrition, this book presents an extensive review of the research on non-traditional feedstuffs available in the tropics, such as oilseeds, folder tree leaves, aquatic plants, sugar cane, African oil-palm, roots and tubers and organic wastes.
Đã lưu trong:
| 主要作者: | |
|---|---|
| 格式: | 圖書 |
| 語言: | Undetermined |
| 出版: |
Rome, Italy
FAO
1997
|
| 主題: | |
| 標簽: |
添加標簽
沒有標簽, 成為第一個標記此記錄!
|
| Thư viện lưu trữ: | Trung tâm Học liệu Trường Đại học Cần Thơ |
|---|
| LEADER | 00870nam a2200205Ia 4500 | ||
|---|---|---|---|
| 001 | CTU_36055 | ||
| 008 | 210402s9999 xx 000 0 und d | ||
| 082 | |a 636 | ||
| 082 | |b F218/No.132 | ||
| 100 | |a René Perez | ||
| 245 | 0 | |a FAO animal production and health paper N126 | |
| 245 | 0 | |b Feeding pigs in the tropics | |
| 245 | 0 | |c René Perez, FAO | |
| 260 | |a Rome, Italy | ||
| 260 | |b FAO | ||
| 260 | |c 1997 | ||
| 520 | |a After summarizing the principles of energy and protein nutrition, this book presents an extensive review of the research on non-traditional feedstuffs available in the tropics, such as oilseeds, folder tree leaves, aquatic plants, sugar cane, African oil-palm, roots and tubers and organic wastes. | ||
| 650 | |a animal husbandry,swine - feeding and feeds | ||
| 904 | |i Minh, 000407 | ||
| 980 | |a Trung tâm Học liệu Trường Đại học Cần Thơ | ||